00319nam a2200145Ia 45000030006000000080041000060400015000471000029000622450030000912500006001212600009001273000006001365460014001420050017001560STCL150530s9999 xx 000 0 und d aSTCLcSTCL aKavalam Viswanatha Kurup aBhoomikku Oru Puravrutham a1 c1993 a0 aMalayalam20220125171516.0